[Event "Regionalliga SW 1516"]
[Site "Bayern"]
[Date "2016.01.17"]
[Round "5.8"]
[White "Schmidt, Thomas3333"]
[Black "Maurer, Rainer"]
[Result "1/2-1/2"]
[WhiteElo "1842"]
[BlackElo "1847"]
[PlyCount "60"]
[EventDate "2015.10.11"]
[EventType "team-tourn"]
[EventRounds "9"]
[EventCountry "GER"]
[SourceTitle "EXT 2018"]
[Source "ChessBase"]
[SourceDate "2017.10.13"]
[SourceVersion "1"]
[SourceVersionDate "2017.10.13"]
[SourceQuality "1"]
[WhiteTeam "Tuerkheim/Bad Woerishofen"]
[BlackTeam "Krumbach"]
[WhiteTeamCountry "GER"]
[BlackTeamCountry "GER"]

1. d4 Nf6 2. Nf3 c5 3. d5 b5 4. Bg5 Qb6 5. Nc3 a6 6. e4 d6 7. Be2 Nbd7 8. h3 g6 9. 0-0 Bg7 10. Nd2 0-0 11. Be3 Bb7 12. f4 e6 13. Bf3 exd5 14. exd5 Rfe8 15. Bf2 Qc7 16. Nde4 b4 17. Nxf6+ Nxf6 18. Na4 Ne4 19. Be1 Qa5 20. c4 bxc3 21. Qc2 Nd2 22. Bxd2 cxd2 23. Rad1 Bd4+ 24. Kh1 Re1 25. Nc3 Rae8 26. Qxd2 Rxf1+ 27. Rxf1 Re3 28. Ne4 Qb5 29. Rb1 Qb6 30. Nf2 Re8 1/2-1/2

[Event "Regionalliga SW 1415"]
[Site "Bayern"]
[Date "2015.04.12"]
[Round "9.6"]
[White "Maurer, Rainer"]
[Black "Markl, Martin"]
[Result "1-0"]
[WhiteElo "1847"]
[BlackElo "2034"]
[PlyCount "85"]
[EventDate "2014.10.19"]
[EventType "team-tourn"]
[EventRounds "9"]
[EventCountry "GER"]
[SourceTitle "EXT 2018"]
[Source "ChessBase"]
[SourceDate "2017.10.13"]
[SourceVersion "1"]
[SourceVersionDate "2017.10.13"]
[SourceQuality "1"]
[WhiteTeam "Krumbach"]
[BlackTeam "Muenchen Siemens"]
[WhiteTeamCountry "GER"]
[BlackTeamCountry "GER"]

1. d4 Nf6 2. Bf4 g6 3. e3 Bg7 4. Nf3 d6 5. Be2 Nbd7 6. h3 c5 7. c3 Nd5 8. Bh2 cxd4 9. exd4 Qb6 10. Qd2 N7f6 11. Na3 0-0 12. Nc4 Qd8 13. 0-0 Bd7 14. Na3 Rc8 15. c4 Ne4 16. Qd3 Ndf6 17. Rac1 Bf5 18. Qb3 Bh6 19. Rcd1 Rc6 20. Nh4 Nd2 21. Rxd2 Bxd2 22. Nxf5 gxf5 23. Qxb7 Rb6 24. Qf3 Rxb2 25. Qxf5 Qd7 26. Qd3 Bb4 27. Nc2 Qe6 28. Bf4 Kh8 29. Nxb4 Rxb4 30. Bd2 Rb2 31. Re1 Qe4 32. Qc3 Rc2 33. Qa5 Rg8 34. Bf1 Qxd4 35. Be3 Qh4 36. Qf5 Rxa2 37. c5 Ra5 38. Rb1 dxc5 39. Rb7 e6 40. Qe5 Rg7 41. Rb8+ Ng8 42. Rxg8+ Kxg8 43. Qb8+ 1-0

[Event "Regionalliga SW 1415"]
[Site "Bayern"]
[Date "2015.02.01"]
[Round "6.7"]
[White "Maurer, Rainer"]
[Black "Braun, Thomas1111"]
[Result "0-1"]
[WhiteElo "1847"]
[BlackElo "2062"]
[PlyCount "62"]
[EventDate "2014.10.19"]
[EventType "team-tourn"]
[EventRounds "9"]
[EventCountry "GER"]
[SourceTitle "EXT 2018"]
[Source "ChessBase"]
[SourceDate "2017.10.13"]
[SourceVersion "1"]
[SourceVersionDate "2017.10.13"]
[SourceQuality "1"]
[WhiteTeam "Krumbach"]
[BlackTeam "Bayern Muenchen III"]
[WhiteTeamCountry "GER"]
[BlackTeamCountry "GER"]

1. Nf3 d5 2. c4 c6 3. b3 Nf6 4. Bb2 Bf5 5. g3 e6 6. Bg2 h6 7. 0-0 Nbd7 8. d3 Bh7 9. Nbd2 Bd6 10. Rc1 0-0 11. Rc2 Qe7 12. Qb1 e5 13. cxd5 cxd5 14. Rfc1 e4 15. Nd4 e3 16. Nf1 exf2+ 17. Kxf2 Ng4+ 18. Kg1 Ne3 19. Nxe3 Qxe3+ 20. Kh1 Nf6 21. Nf3 Qe6 22. Nd4 Qg4 23. Bf3 Qh3 24. Bg2 Qh5 25. Bf3 Ng4 26. Bxg4 Qxg4 27. Nb5 Be7 28. Be5 Bg5 29. Bxg7 Bxc1 30. Bxf8 Be3 31. Bd6 Be4+ 0-1

[Event "Landesliga Sued 1314"]
[Site "Bayern"]
[Date "2013.12.15"]
[Round "4.6"]
[White "Maurer, Rainer"]
[Black "Spiesberger, Gerhard"]
[Result "1/2-1/2"]
[WhiteElo "1987"]
[BlackElo "2114"]
[PlyCount "106"]
[EventDate "2013.10.13"]
[EventType "team-tourn"]
[EventRounds "9"]
[EventCountry "GER"]
[SourceTitle "EXT 2015"]
[Source "ChessBase"]
[SourceDate "2014.11.20"]
[SourceVersion "1"]
[SourceVersionDate "2014.11.20"]
[SourceQuality "1"]
[WhiteTeam "Krumbach"]
[BlackTeam "Rottal"]
[WhiteTeamCountry "GER"]
[BlackTeamCountry "GER"]

1. d4 e6 2. Nf3 f5 3. d5 Be7 4. Nc3 Nf6 5. Bf4 0-0 6. e3 Bb4 7. Bc4 c6 8. dxe6 d5 9. Bd3 Bxe6 10. 0-0 Qe8 11. Ne2 Nbd7 12. Ned4 Ne4 13. Rc1 Bd6 14. Bxd6 Nxd6 15. Ng5 Nc5 16. Be2 h6 17. Ngxe6 Nxe6 18. c4 dxc4 19. Bxc4 Nxc4 20. Rxc4 Rd8 21. Qb3 Qf7 22. Nxe6 Qxe6 23. Rb4 Qxb3 24. Rxb3 b6 25. Rc1 Rd6 26. Kf1 Rfd8 27. Ke1 c5 28. Rbc3 Kf7 29. a3 a5 30. Rc4 Rd2 31. R1c2 Rxc2 32. Rxc2 Ke6 33. Ke2 Rd5 34. f3 b5 35. e4 fxe4 36. fxe4 Re5 37. Ke3 Kd6 38. Rd2+ Kc6 39. Kf4 Re7 40. e5 b4 41. axb4 axb4 42. b3 c4 43. bxc4 Kc5 44. Ke4 Kxc4 45. Rc2+ Kb5 46. Kd5 b3 47. Rb2 Kb4 48. Kd6 Ra7 49. e6 Ra2 50. Rxb3+ Kxb3 51. e7 Re2 52. Kd7 Rd2+ 53. Kc7 Re2 1/2-1/2

[Event "Landesliga Sued 1213"]
[Site "Bayern"]
[Date "2013.03.17"]
[Round "8.6"]
[White "Maurer, Rainer"]
[Black "Brosig, Boris"]
[Result "0-1"]
[WhiteElo "1917"]
[BlackElo "2157"]
[PlyCount "82"]
[EventDate "2012.10.14"]
[EventType "team-tourn"]
[EventRounds "9"]
[EventCountry "GER"]
[SourceTitle "EXT 2015"]
[Source "ChessBase"]
[SourceDate "2014.11.20"]
[SourceVersion "1"]
[SourceVersionDate "2014.11.20"]
[SourceQuality "1"]
[WhiteTeam "Krumbach"]
[BlackTeam "Unterhaching"]
[WhiteTeamCountry "GER"]
[BlackTeamCountry "GER"]

1. d4 e6 2. Nf3 b6 3. Bf4 Bb7 4. e3 f5 5. Nbd2 Nf6 6. c4 Bb4 7. a3 Bxd2+ 8. Nxd2 d6 9. Be2 Nbd7 10. Bf3 Ne4 11. Nxe4 fxe4 12. Bh5+ g6 13. Bg4 Qf6 14. 0-0 0-0 15. d5 e5 16. Bxd7 exf4 17. Be6+ Kg7 18. exf4 Bc8 19. Bxc8 Raxc8 20. Qd2 Qxf4 21. Qd4+ Kg8 22. Rae1 Rce8 23. Re3 Re5 24. g3 Qf5 25. b4 a6 26. Qd2 b5 27. Qd4 Qh3 28. Rxe4 Rh5 29. Rh4 Rxh4 30. Qxh4 Qxh4 31. gxh4 bxc4 32. Rc1 Rf4 33. h5 gxh5 34. Rc3 Kf7 35. Kg2 h4 36. a4 Kf6 37. Re3 Rd4 38. Re6+ Kf7 39. Rh6 Kg8 40. Rh5 c3 41. Rg5+ Kh8 0-1

[Event "Landesliga Sued 1213"]
[Site "Bayern"]
[Date "2013.02.03"]
[Round "6.5"]
[White "Sirota, Boris"]
[Black "Maurer, Rainer"]
[Result "1-0"]
[WhiteElo "2209"]
[BlackElo "1917"]
[PlyCount "55"]
[EventDate "2012.10.14"]
[EventType "team-tourn"]
[EventRounds "9"]
[EventCountry "GER"]
[SourceTitle "EXT 2015"]
[Source "ChessBase"]
[SourceDate "2014.11.20"]
[SourceVersion "1"]
[SourceVersionDate "2014.11.20"]
[SourceQuality "1"]
[WhiteTeam "Muenchen Suedost"]
[BlackTeam "Krumbach"]
[WhiteTeamCountry "GER"]
[BlackTeamCountry "GER"]

1. Nf3 d5 2. d4 Nc6 3. g3 Bg4 4. Bg2 Qd7 5. b3 0-0-0 6. h3 Bf5 7. Bb2 f6 8. a3 Nh6 9. Nbd2 Nf7 10. c4 e6 11. Nh4 Bg6 12. Nxg6 hxg6 13. e3 Ne7 14. Rc1 e5 15. cxd5 Nxd5 16. Qc2 Nb6 17. b4 Bd6 18. Qe4 c6 19. b5 f5 20. bxc6 fxe4 21. cxd7+ Kxd7 22. Nxe4 Na4 23. Nxd6 Nxd6 24. Ba1 exd4 25. Bxd4 Nf5 26. Be5 Rhe8 27. Bf4 Nb2 28. 0-0 1-0

[Event "Landesliga Sued 1213"]
[Site "Bayern"]
[Date "2013.01.13"]
[Round "5.7"]
[White "Maurer, Rainer"]
[Black "Beckers, Thomas"]
[Result "0-1"]
[WhiteElo "1917"]
[BlackElo "2022"]
[PlyCount "42"]
[EventDate "2012.10.14"]
[EventType "team-tourn"]
[EventRounds "9"]
[EventCountry "GER"]
[SourceTitle "EXT 2015"]
[Source "ChessBase"]
[SourceDate "2014.11.20"]
[SourceVersion "1"]
[SourceVersionDate "2014.11.20"]
[SourceQuality "1"]
[WhiteTeam "Krumbach"]
[BlackTeam "Muenchen Tarrasch II"]
[WhiteTeamCountry "GER"]
[BlackTeamCountry "GER"]

1. d4 d5 2. Nf3 Nf6 3. Bf4 c5 4. e3 Nc6 5. Nbd2 Bf5 6. Be2 e6 7. c3 Bd6 8. Ne5 0-0 9. g4 Bg6 10. h4 h6 11. Nxg6 fxg6 12. Bxd6 Qxd6 13. Bd3 cxd4 14. cxd4 e5 15. g5 exd4 16. gxf6 dxe3 17. Nb3 Qb4+ 18. Kf1 Rxf6 19. Rh2 Raf8 20. Qe1 Rxf2+ 21. Rxf2 Rxf2+ 0-1

[Event "Regionalliga SW 1112"]
[Site "Bayern"]
[Date "2012.01.15"]
[Round "5.5"]
[White "Maurer, Rainer"]
[Black "Rassl, Bernhard"]
[Result "1-0"]
[WhiteElo "1960"]
[BlackElo "1951"]
[PlyCount "83"]
[EventDate "2011.10.02"]
[EventType "team-tourn"]
[EventRounds "9"]
[EventCountry "GER"]
[SourceTitle "EXT 2013"]
[Source "ChessBase"]
[SourceDate "2012.11.22"]
[SourceVersion "1"]
[SourceVersionDate "2012.11.22"]
[SourceQuality "1"]
[WhiteTeam "Krumbach II"]
[BlackTeam "Haar"]
[WhiteTeamCountry "GER"]
[BlackTeamCountry "GER"]

1. d4 Nf6 2. Nf3 g6 3. Nc3 Bg7 4. e4 d6 5. Be3 c6 6. Qd2 b5 7. Bd3 Nbd7 8. Bh6 0-0 9. Bxg7 Kxg7 10. e5 dxe5 11. dxe5 Ng4 12. Qg5 Nc5 13. Be2 Nxf2 14. Kxf2 b4 15. Qe3 Qb6 16. Nd1 f6 17. Rf1 Bf5 18. Nd4 Ne4+ 19. Kg1 fxe5 20. Nxf5+ gxf5 21. Qxb6 axb6 22. Ne3 Nd6 23. Nc4 Nxc4 24. Bxc4 Rad8 25. Rad1 Rd6 26. Kf2 h6 27. Ke3 Kg6 28. Bd3 Kg5 29. Be2 Ra8 30. Bc4 b5 31. Rxd6 exd6 32. Be6 f4+ 33. Ke4 Ra7 34. Rd1 d5+ 35. Kxe5 Rxa2 36. Rb1 Ra8 37. Bd7 Rg8 38. Bxc6 Rc8 39. Kxd5 Rd8+ 40. Kc5 Rd2 41. Kxb4 Rxc2 42. Kxb5 1-0

[Event "Regionalliga SW 1112"]
[Site "Bayern"]
[Date "2011.12.11"]
[Round "4.5"]
[White "Stoehr, Herbert"]
[Black "Maurer, Rainer"]
[Result "0-1"]
[WhiteElo "1930"]
[BlackElo "1960"]
[PlyCount "56"]
[EventDate "2011.10.02"]
[EventType "team-tourn"]
[EventRounds "9"]
[EventCountry "GER"]
[SourceTitle "EXT 2013"]
[Source "ChessBase"]
[SourceDate "2012.11.22"]
[SourceVersion "1"]
[SourceVersionDate "2012.11.22"]
[SourceQuality "1"]
[WhiteTeam "Schwabing SG Nord"]
[BlackTeam "Krumbach II"]
[WhiteTeamCountry "GER"]
[BlackTeamCountry "GER"]

1. e4 d6 2. d4 Nf6 3. Bd3 e5 4. c3 d5 5. exd5 Qxd5 6. Qf3 Qxf3 7. gxf3 exd4 8. cxd4 Nc6 9. Bb5 Bd7 10. Ne2 0-0-0 11. a3 a6 12. Bc4 Be6 13. Bxe6+ fxe6 14. Be3 e5 15. dxe5 Nxe5 16. 0-0 Nxf3+ 17. Kg2 Nh4+ 18. Kh1 Nf5 19. Bg5 Be7 20. Nbc3 h6 21. Bf4 Bd6 22. Kg2 Bxf4 23. Nxf4 Rd2 24. Nd1 Nh4+ 25. Kh3 g5 26. Rc1 gxf4 27. Kxh4 Rd5 28. Kh3 Rg8 0-1

[Event "Saarland-ch A 85th"]
[Site "Homburg"]
[Date "2010.04.03"]
[Round "9"]
[White "Maurer, Rainer"]
[Black "Holle, Eric"]
[Result "1-0"]
[WhiteElo "2047"]
[BlackElo "1703"]
[PlyCount "75"]
[EventDate "2010.03.28"]
[EventType "swiss"]
[EventRounds "9"]
[EventCountry "GER"]
[SourceTitle "EXT 2011"]
[Source "ChessBase"]
[SourceDate "2010.11.26"]
[SourceVersion "1"]
[SourceVersionDate "2010.11.26"]
[SourceQuality "1"]

1. d4 d5 2. Nf3 c6 3. c3 Bf5 4. Bf4 Nf6 5. e3 Nh5 6. Bg3 Nxg3 7. hxg3 Qc7 8. Bd3 Bxd3 9. Qxd3 g6 10. Nbd2 Nd7 11. e4 0-0-0 12. exd5 cxd5 13. 0-0-0 Kb8 14. Kb1 e6 15. Rhe1 Nb6 16. Nb3 Nc4 17. Ne5 f6 18. Nf3 Rd6 19. Re2 Ra6 20. Rde1 Qd7 21. Nc1 Bh6 22. b3 Rb6 23. Ka1 Na3 24. Nd2 Re8 25. f4 Nb5 26. Nb1 Nc7 27. Rc2 Bg7 28. Rce2 Rc6 29. Na3 Qd6 30. Nb5 Nxb5 31. Qxb5 e5 32. c4 dxc4 33. d5 Rcc8 34. bxc4 e4 35. Kb1 f5 36. Nd3 Re7 37. Nb2 Rec7 38. Rc2 1-0

[Event "Saarland-ch A 85th"]
[Site "Homburg"]
[Date "2010.03.31"]
[Round "6"]
[White "Schreck, Alexander"]
[Black "Maurer, Rainer"]
[Result "1-0"]
[WhiteElo "1840"]
[BlackElo "2047"]
[PlyCount "41"]
[EventDate "2010.03.28"]
[EventType "swiss"]
[EventRounds "9"]
[EventCountry "GER"]
[SourceTitle "EXT 2011"]
[Source "ChessBase"]
[SourceDate "2010.11.26"]
[SourceVersion "1"]
[SourceVersionDate "2010.11.26"]
[SourceQuality "1"]

1. d4 Nf6 2. c4 e5 3. dxe5 Ng4 4. Bf4 Bc5 5. e3 d6 6. Nf3 0-0 7. exd6 cxd6 8. Be2 Bb4+ 9. Nbd2 a5 10. 0-0 Na6 11. Ne4 Nf6 12. Bg5 Re8 13. Nxf6+ gxf6 14. Bh6 Be6 15. Qd4 Kh8 16. Bd3 Bd7 17. Ng5 Qe7 18. Nxh7 Qe5 19. Qh4 Nc5 20. Nxf6 Bf5 21. Bf8+ 1-0

[Event "Saarland-ch A 85th"]
[Site "Homburg"]
[Date "2010.03.28"]
[Round "1"]
[White "Stankowski, Yves"]
[Black "Maurer, Rainer"]
[Result "0-1"]
[WhiteElo "1634"]
[BlackElo "2047"]
[PlyCount "58"]
[EventDate "2010.03.28"]
[EventType "swiss"]
[EventRounds "9"]
[EventCountry "GER"]
[SourceTitle "EXT 2011"]
[Source "ChessBase"]
[SourceDate "2010.11.26"]
[SourceVersion "1"]
[SourceVersionDate "2010.11.26"]
[SourceQuality "1"]

1. c4 Nf6 2. Nc3 g6 3. g3 Bg7 4. Bg2 0-0 5. e4 d6 6. d4 c6 7. Nge2 e5 8. 0-0 Nh5 9. d5 Qe7 10. f4 f5 11. fxe5 Bxe5 12. Bf4 Nxf4 13. gxf4 Bg7 14. Rb1 c5 15. Qd2 fxe4 16. Nxe4 Nd7 17. Rbe1 Nf6 18. N2c3 Nxe4 19. Nxe4 Qd8 20. Ng5 Rb8 21. Ne6 Bxe6 22. Rxe6 b5 23. b3 bxc4 24. bxc4 Rb2 25. Qd3 Rxa2 26. f5 Qg5 27. Qg3 Bd4+ 28. Kh1 Rxf5 29. Qh3 Rxf1+ 0-1

[Event "Regionalliga SW 0809"]
[Site "Bayern"]
[Date "2009.03.29"]
[Round "9.6"]
[White "Maurer, Rainer"]
[Black "Hittinger, Christian"]
[Result "1-0"]
[WhiteElo "1933"]
[BlackElo "2076"]
[PlyCount "53"]
[EventDate "2008.10.05"]
[EventType "team-tourn"]
[EventRounds "9"]
[EventCountry "GER"]
[SourceTitle "EXT 2020"]
[Source "ChessBase"]
[SourceDate "2019.10.17"]
[SourceVersion "1"]
[SourceVersionDate "2019.10.17"]
[SourceQuality "1"]
[WhiteTeam "Krumbach II"]
[BlackTeam "Muenchen Suedost"]
[WhiteTeamCountry "GER"]
[BlackTeamCountry "GER"]

1. d4 Nf6 2. Nf3 g6 3. Nc3 d5 4. Bf4 Bg7 5. e3 0-0 6. Be2 c6 7. Ne5 Nfd7 8. h4 Nxe5 9. dxe5 Nd7 10. h5 Nxe5 11. hxg6 fxg6 12. Bh6 Qb6 13. Bxg7 Kxg7 14. Qd2 a5 15. 0-0-0 h5 16. f3 Be6 17. Rh4 Rh8 18. Na4 Qc7 19. Qd4 g5 20. Rh2 Kf7 21. Rdh1 Kg6 22. Nc5 Qd6 23. g4 h4 24. Nxe6 Qxe6 25. f4 Kf6 26. fxe5+ Qxe5 27. Rf2+ 1-0

[Event "Regionalliga SW 0809"]
[Site "Bayern"]
[Date "2009.03.01"]
[Round "7.6"]
[White "Birnbaum, Karsten"]
[Black "Maurer, Rainer"]
[Result "1/2-1/2"]
[WhiteElo "1933"]
[BlackElo "1933"]
[PlyCount "52"]
[EventDate "2008.10.05"]
[EventType "team-tourn"]
[EventRounds "9"]
[EventCountry "GER"]
[SourceTitle "EXT 2020"]
[Source "ChessBase"]
[SourceDate "2019.10.17"]
[SourceVersion "1"]
[SourceVersionDate "2019.10.17"]
[SourceQuality "1"]
[WhiteTeam "Klosterlechfeld"]
[BlackTeam "Krumbach II"]
[WhiteTeamCountry "GER"]
[BlackTeamCountry "GER"]

1. d4 Nf6 2. g3 g6 3. Bg2 Bg7 4. Nf3 0-0 5. 0-0 d6 6. c4 Nbd7 7. Nc3 e5 8. Qc2 exd4 9. Nxd4 a6 10. Rd1 Rb8 11. b4 Ne5 12. c5 Qe7 13. Bg5 Qe8 14. Bxf6 Bxf6 15. Ne4 Be7 16. cxd6 cxd6 17. Qc7 Bd7 18. Nxd6 Bxd6 19. Qxd6 Ba4 20. Rdc1 Rd8 21. Qc5 Qd7 22. Qxe5 Qxd4 23. Qxd4 Rxd4 24. Bxb7 Bb5 25. a4 Bxe2 26. Re1 Rxb4 1/2-1/2

[Event "Regionalliga SW 0809"]
[Site "Bayern"]
[Date "2009.01.18"]
[Round "5.6"]
[White "Amelang, Thomas"]
[Black "Maurer, Rainer"]
[Result "1-0"]
[WhiteElo "2068"]
[BlackElo "1933"]
[PlyCount "95"]
[EventDate "2008.10.05"]
[EventType "team-tourn"]
[EventRounds "9"]
[EventCountry "GER"]
[SourceTitle "EXT 2020"]
[Source "ChessBase"]
[SourceDate "2019.10.17"]
[SourceVersion "1"]
[SourceVersionDate "2019.10.17"]
[SourceQuality "1"]
[WhiteTeam "Muenchen Siemens"]
[BlackTeam "Krumbach II"]
[WhiteTeamCountry "GER"]
[BlackTeamCountry "GER"]

1. e4 c5 2. Nc3 g6 3. d3 Bg7 4. Be3 d6 5. Qd2 Nc6 6. g3 Nd4 7. Nd1 e5 8. c3 Nc6 9. Bg2 Nge7 10. Bh6 0-0 11. h4 Bxh6 12. Qxh6 Kh8 13. Qd2 Ng8 14. f4 Be6 15. Nf3 exf4 16. gxf4 d5 17. h5 Kg7 18. hxg6 hxg6 19. Ng5 Nf6 20. e5 Nh5 21. Bf3 Rh8 22. Bxh5 Rxh5 23. Rxh5 gxh5 24. Qg2 Bg4 25. Ne6+ fxe6 26. Ne3 Qh4+ 27. Kd2 Qh3 28. Qf2 Rf8 29. Rg1 Nxe5 30. Rg3 Nf3+ 31. Qxf3 Qh2+ 32. Kc1 Kf6 33. Rxg4 Ke7 34. Rg7+ Kd6 35. f5 Qe5 36. Rg6 Kc7 37. Qg3 Qxg3 38. Rxg3 exf5 39. Nxd5+ Kd6 40. Nf4 h4 41. Rh3 Rg8 42. Rxh4 Ke5 43. Ne2 Rg2 44. d4+ cxd4 45. cxd4+ Kf6 46. Kd1 b5 47. Rh6+ Kg5 48. Rg6+ 1-0

[Event "Regionalliga SW 0809"]
[Site "Bayern"]
[Date "2008.12.14"]
[Round "4.7"]
[White "Demir, Bilal"]
[Black "Maurer, Rainer"]
[Result "1/2-1/2"]
[WhiteElo "2063"]
[BlackElo "1933"]
[PlyCount "65"]
[EventDate "2008.10.05"]
[EventType "team-tourn"]
[EventRounds "9"]
[EventCountry "GER"]
[SourceTitle "EXT 2020"]
[Source "ChessBase"]
[SourceDate "2019.10.17"]
[SourceVersion "1"]
[SourceVersionDate "2019.10.17"]
[SourceQuality "1"]
[WhiteTeam "Unterhaching"]
[BlackTeam "Krumbach II"]
[WhiteTeamCountry "GER"]
[BlackTeamCountry "GER"]

1. e4 c5 2. c3 g6 3. d4 cxd4 4. cxd4 d5 5. e5 Bg7 6. Nf3 Bg4 7. Be2 Nc6 8. b3 Nh6 9. Na3 Qa5+ 10. Kf1 0-0 11. h3 Bxf3 12. Bxf3 Nf5 13. Nc2 e6 14. g4 Nfe7 15. Kg2 f6 16. exf6 Rxf6 17. Be3 Raf8 18. Be2 Nc8 19. Rf1 Nd6 20. f3 Nb5 21. Qd3 a6 22. a4 Nd6 23. Bd2 Qb6 24. b4 Nc4 25. Bc3 Rf4 26. Rfd1 Qd8 27. b5 Ne7 28. Ne3 e5 29. Nxc4 e4 30. Qe3 exf3+ 31. Bxf3 Rxf3 32. Qe6+ Kh8 33. Bb4 1/2-1/2

[Event "Saarland-ch MB"]
[Site "Eppelborn"]
[Date "2008.03.14"]
[Round "1"]
[White "Maurer, Rainer"]
[Black "Braun, Konstantin"]
[Result "1/2-1/2"]
[WhiteElo "2053"]
[BlackElo "1959"]
[PlyCount "28"]
[EventDate "2008.03.14"]
[EventType "swiss"]
[EventRounds "9"]
[EventCountry "GER"]
[SourceTitle "EXT 2010"]
[Source "ChessBase"]
[SourceDate "2010.11.25"]
[SourceVersion "1"]
[SourceVersionDate "2010.11.25"]
[SourceQuality "1"]

1. d4 Nf6 2. g3 g6 3. Bg2 Bg7 4. c4 c6 5. Nc3 d5 6. Nf3 0-0 7. 0-0 Bf5 8. Qb3 Qb6 9. Bf4 Nbd7 10. c5 Qxb3 11. axb3 Rfe8 12. h3 h5 13. b4 a6 14. Rfd1 Ne4 1/2-1/2

[Event "Kuzbass-ch"]
[Site "Kemerovo"]
[Date "2007.12.17"]
[Round "3"]
[White "Riabov, Alexander"]
[Black "Maurer, Rainer"]
[Result "1/2-1/2"]
[WhiteElo "2109"]
[BlackElo "2117"]
[PlyCount "32"]
[EventDate "2007.12.16"]
[EventType "swiss"]
[EventRounds "9"]
[EventCountry "RUS"]
[SourceTitle "CBM 122 Extra"]
[Source "ChessBase"]
[SourceDate "2008.03.04"]
[SourceVersion "1"]
[SourceVersionDate "2008.03.04"]
[SourceQuality "1"]

1. d4 Nf6 2. c4 d6 3. g3 g6 4. Bg2 Bg7 5. Nc3 0-0 6. Nf3 c6 7. h3 Qc7 8. 0-0 Nbd7 9. e4 a6 10. Be3 Rb8 11. Qc2 b5 12. cxb5 axb5 13. b4 Rd8 14. Ne2 Bb7 15. Rfc1 c5 16. dxc5 Bxe4 1/2-1/2

[Event "Seefeld op 18th"]
[Site "Seefeld"]
[Date "2007.09.09"]
[Round "9"]
[White "Maurer, Rainer"]
[Black "Jandke, Manfred"]
[Result "0-1"]
[WhiteElo "2117"]
[BlackElo "2201"]
[PlyCount "102"]
[EventDate "2007.09.01"]
[EventType "swiss"]
[EventRounds "9"]
[EventCountry "AUT"]
[SourceTitle "EXT 2009"]
[Source "ChessBase"]
[SourceDate "2008.11.26"]
[SourceVersion "1"]
[SourceVersionDate "2008.11.26"]
[SourceQuality "1"]

1. d4 Nf6 2. Nf3 d5 3. Bf4 c6 4. c3 g6 5. h3 Bg7 6. e3 Qb6 7. Qb3 0-0 8. Nbd2 Nbd7 9. Be2 h6 10. g4 Re8 11. Ne5 Qxb3 12. axb3 Nxe5 13. Bxe5 Nd7 14. Bxg7 Kxg7 15. b4 e5 16. dxe5 Nxe5 17. Nb3 f5 18. gxf5 Bxf5 19. Kd2 Nf7 20. b5 Ng5 21. bxc6 bxc6 22. Nd4 Bd7 23. Bg4 Bxg4 24. hxg4 c5 25. Ne2 Nf3+ 26. Kd3 Ne5+ 27. Kc2 Nxg4 28. Nf4 g5 29. Nxd5 Rf8 30. f4 Rf5 31. c4 gxf4 32. exf4 a5 33. Rae1 a4 34. Re7+ Rf7 35. Rxf7+ Kxf7 36. Rh4 Rg8 37. Nb6 Ne3+ 38. Kd2 Nf5 39. Rh5 Rg2+ 40. Kc3 Rg3+ 41. Kd2 Kg6 42. Rh1 a3 43. bxa3 Rxa3 44. Nd7 Ng3 45. Rg1 Kf5 46. Nxc5 h5 47. Rb1 h4 48. Rb8 h3 49. Nd3 h2 50. Rf8+ Ke6 51. Nf2 Ne4+ 0-1

[Event "Seefeld op 18th"]
[Site "Seefeld"]
[Date "2007.09.06"]
[Round "6"]
[White "Russ, Colin"]
[Black "Maurer, Rainer"]
[Result "1-0"]
[WhiteElo "1967"]
[BlackElo "2117"]
[PlyCount "49"]
[EventDate "2007.09.01"]
[EventType "swiss"]
[EventRounds "9"]
[EventCountry "AUT"]
[SourceTitle "EXT 2009"]
[Source "ChessBase"]
[SourceDate "2008.11.26"]
[SourceVersion "1"]
[SourceVersionDate "2008.11.26"]
[SourceQuality "1"]

1. d4 d5 2. c4 e6 3. Nc3 Nf6 4. Bg5 Nbd7 5. cxd5 exd5 6. e3 Be7 7. Bd3 c6 8. Nf3 0-0 9. Rc1 Re8 10. 0-0 h6 11. Bxf6 Nxf6 12. Ne5 Bd6 13. f4 Qb6 14. b3 Bd7 15. h3 c5 16. Nxd7 Nxd7 17. Nxd5 Qa5 18. e4 cxd4 19. Qg4 Qd8 20. e5 Ba3 21. Rc7 Nxe5 22. fxe5 Qxd5 23. Rfxf7 Qxf7 24. Bc4 Rf8 25. Qg6 1-0

[Event "Seefeld op 18th"]
[Site "Seefeld"]
[Date "2007.09.02"]
[Round "2"]
[White "Fuchs, Georg"]
[Black "Maurer, Rainer"]
[Result "1-0"]
[WhiteElo "2193"]
[BlackElo "2117"]
[PlyCount "89"]
[EventDate "2007.09.01"]
[EventType "swiss"]
[EventRounds "9"]
[EventCountry "AUT"]
[SourceTitle "EXT 2009"]
[Source "ChessBase"]
[SourceDate "2008.11.26"]
[SourceVersion "1"]
[SourceVersionDate "2008.11.26"]
[SourceQuality "1"]

1. e4 d5 2. Nc3 dxe4 3. Nxe4 Nf6 4. Ng3 Nbd7 5. Bc4 Ne5 6. Bb3 Bg4 7. f3 Bd7 8. d4 Ng6 9. N1e2 e6 10. 0-0 Be7 11. f4 c5 12. Be3 Ng4 13. Qd2 Qc7 14. c3 Rd8 15. h3 Nf6 16. f5 exf5 17. Nxf5 Bxf5 18. Rxf5 0-0 19. Bc2 cxd4 20. Bxd4 Bc5 21. Raf1 Bxd4+ 22. Nxd4 Rd5 23. Bb3 Rxf5 24. Rxf5 Re8 25. Qf2 Qe7 26. Nf3 Qe4 27. Bxf7+ Kf8 28. Qc5+ Ne7 29. Re5 Nd7 30. Rxe4 Nxc5 31. Rf4 Nd3 32. Rd4 Kxf7 33. Rxd3 Nc6 34. Rd7+ Re7 35. Ng5+ Kg6 36. Rxe7 Nxe7 37. Ne4 Nc6 38. Kf2 b6 39. Ke3 Kf5 40. b3 Ke5 41. Ng5 h6 42. Nf3+ Kd6 43. Nd4 Ne7 44. Ke4 Kc5 45. Ne6+ 1-0